00514 a2200169 4500003000500000005001700005020001800022040000900040082001000049245007600059260002600135300001100161650003800172942001200210999001900222952010300241Nust20170207170817.0 a9789535102182 cNust a005.8 aApplied cryptography and network security (EBBOK)cEdited by Jaydip Sen aCroatiabInTechc2012 a390 p. acryptography and network security 2ddccBK c215693d215693 00102ddc40708NFICaMCSbMCSd2016-12-12l0o005.8 APPpMCSEB-3374r2016-12-08w2016-12-12yBK